Ley de marcas y otros signos distintivos y su reglamento (Registro nro. 13670)
[ vista simple ]
| 000 -Cabecera | |
|---|---|
| Campo de control de longitud fija | 00701nam a22002657a 4500 |
| 005 - Fecha y hora de la última transacción | |
| Campo de control | 20250819195020.0 |
| 008 - Elementos de longitud fija--Información general | |
| Campo de control de longitud fija | 240220b2019 |||||||| |||| 00| 0 spa d |
| 020 ## - International Standard Book Number | |
| Número Internacional Estándar del Libro (ISBN) | 9789977133102 |
| 041 ## - Idioma | |
| Código de idioma | Español |
| 082 ## - Clasificación Decimal Dewey | |
| Número de clasificación | 346.048 C8374L3 |
| 100 ## - Entrada principal--Autor personal | |
| Nombre personal | Costa Rica |
| 9 (RLIN) | 11811 |
| 245 ## - Título propiamente dicho | |
| Título | Ley de marcas y otros signos distintivos y su reglamento |
| 250 ## - Edición | |
| Mención de edición | 3 edición |
| 260 ## - Pie de imprenta | |
| Lugar de publicación, distribución, etc. | Costa Rica |
| 260 ## - Pie de imprenta | |
| Nombre del editor, distribuidor, etc. | IJSA |
| 260 ## - Pie de imprenta | |
| Fecha de publicación, distribución, etc. | 2019 |
| 300 ## - Descripción física | |
| Extensión | 120 páginas |
| 490 ## - Serie | |
| Título de la Serie | Dirección y Administración de Empresas |
| 650 ## - Materia general | |
| Temática (materia general) | REGISTRO DE MARCAS |
| 650 ## - Materia general | |
| Temática (materia general) | SOLICITUD DE REGISTRO |
| 650 ## - Materia general | |
| Temática (materia general) | USO DE MARCA |
| 650 ## - Materia general | |
| Temática (materia general) | PROPIEDAD INDUSTRIAL |
| 650 ## - Materia general | |
| Temática (materia general) | LEGISLACIÓN |
| 942 ## - Punto de acceso adicional KOHA | |
| Fuente del sistema de clasificación o colocación | Dewey Decimal Classification |
| Tipo de ítem KOHA | Libro |
| Signatura completa | Código de barras | Programa Académico | Tipo de ítem |
|---|---|---|---|
| 346.048 C8374L3 | 25854 | Dirección y Administración de Empresas | Libro |
| 346.048 C8374L3 | 25855 | Dirección y Administración de Empresas | Libro |
| 346.048 C8374L3 | 25856 | Dirección y Administración de Empresas | Libro |
| 346.048 C8374L3 | 25857 | Dirección y Administración de Empresas | Libro |
| 346.048 C8374L3 | 25858 | Dirección y Administración de Empresas | Libro |